The Principles And Practices Of Shariah In Islamic Finance : (Record no. 104975)

MARC details
000 -LEADER
fixed length control field 00780nam a2200241 i 4500
001 - CONTROL NUMBER
control field C2-0301165
003 - CONTROL NUMBER IDENTIFIER
control field PPAK
005 - DATE AND TIME OF LATEST TRANSACTION
control field 20180728082528.0
008 - FIXED-LENGTH DATA ELEMENTS--GENERAL INFORMATION
fixed length control field 091206s2009 my |||| ||||| | eng d
040 ## - CATALOGING SOURCE
Original cataloging agency PPAK
Language of cataloging eng
Transcribing agency PPAK
Description conventions rda
082 04 - DEWEY DECIMAL CLASSIFICATION NUMBER
Classification number 332.1091767
Edition number 23
090 00 - LOCALLY ASSIGNED LC-TYPE CALL NUMBER (OCLC); LOCAL CALL NUMBER (RLIN)
Classification number (OCLC) (R) ; Classification number, CALL (RLIN) (NR) 332.1091767
Feature heading PRI
Feature heading R
245 04 - TITLE STATEMENT
Title The Principles And Practices Of Shariah In Islamic Finance :
Remainder of title Shariah Parameter Reference 1 MURABAHAH
264 #1 - PRODUCTION, PUBLICATION, DISTRIBUTION, MANUFACTURE, AND COPYRIGHT NOTICE
Place of production, publication, distribution, manufacture [Kuala Lumpur] :
Name of producer, publisher, distributor, manufacturer Bank Negara Malaysia ,
Date of production, publication, distribution, manufacture, or copyright notice 2009
300 ## - PHYSICAL DESCRIPTION
Extent iv, 37 pages ;
Dimensions 21 cm
336 ## - CONTENT TYPE
Source rdacontent
Content type term text
337 ## - MEDIA TYPE
Source rdamedia
Media type term unmediated
338 ## - CARRIER TYPE
Source rdacarrier
Carrier type term volume
490 1# - SERIES STATEMENT
Series statement Shariah Parameter Reference 1: Murabahah
650 10 - SUBJECT ADDED ENTRY--TOPICAL TERM
Topical term or geographic name entry element Islamic finance
830 #0 - SERIES ADDED ENTRY--UNIFORM TITLE
Uniform title Shariah Parameter Reference 1: Murabahah
942 ## - ADDED ENTRY ELEMENTS (KOHA)
-- dc
Koha item type Book
Holdings
Withdrawn Not for loan Current library Shelving location Date acquired Full call number Barcode Date last seen Koha item type
  Not For Loan Perpustakaan Alor Setar Rujukan Dewasa 06/12/2009 R 332.1091767 PRI A00816257 09/05/2018 Book